Sports Quiz

Random Sports or NBA Quiz
Score 0/150 Timer 20:00
0 Plays Today
Hint Answer % Correct
Philadelphia 76ers 2. (1,644)Allen Iverson
92.7%
Chicago Bulls 1. (2,306)Michael Jordan
90.2%
Chicago Bulls 2. (1,792)Scottie Pippen
90.2%
Utah Jazz 2. (2,035)Karl Malone
90.2%
Los Angeles Lakers 2. (1,724)Magic Johnson
90.2%
Detroit Pistons 1. (1,861)Isiah Thomas
90.2%
San Antonio Spurs 5. (1,032)Tony Parker
90.2%
Phoenix Suns 4. (1,022)Kevin Johnson
90.2%
Cleveland Cavaliers 1. (1,376)LeBron James
87.8%
Miami Heat 1. (1,492)Dwyane Wade
87.8%
Utah Jazz 1. (3,265)John Stockton
87.8%
Indiana Pacers 1. (1,505)Reggie Miller
87.8%
San Antonio Spurs 1. (1,392)Manu Ginobili
87.8%
San Antonio Spurs 2. (1,388)David Robinson
87.8%
Washington Wizards 1. (976)John Wall
87.8%
Philadelphia 76ers 3. (1,508)Julius Erving
85.4%
Philadelphia 76ers 5. (1,007)Charles Barkley
85.4%
Milwaukee Bucks 4. (753)Alvin Robertson
85.4%
Cleveland Cavaliers 3. (722)Foots Walker
85.4%
Boston Celtics 5. (828)Antoine Walker
85.4%
Los Angeles Clippers 2. (902)Chris Paul
85.4%
Memphis Grizzlies 2. (796)Tony Allen
85.4%
Memphis Grizzlies 3. (640)Marc Gasol
85.4%
Atlanta Hawks 2. (1,245)Dominique Wilkins
85.4%
Charlotte Hornets 3. (799)Kemba Walker
85.4%
Utah Jazz 3. (1,100)Rickey Green
85.4%
New York Knicks 1. (1,061)Patrick Ewing
85.4%
Dallas Mavericks 3. (954)Jason Kidd
85.4%
Brooklyn Nets 1. (950)Jason Kidd
85.4%
New Orleans Pelicans 1. (1,010)Chris Paul
85.4%
New Orleans Pelicans 4. (396)David West
85.4%
San Antonio Spurs 4. (1,128)Alvin Robertson
85.4%
Golden State Warriors 5. (789)Draymond Green
85.4%
Boston Celtics 1. (1,583)Paul Pierce
82.9%
Boston Celtics 2. (1,556)Larry Bird
82.9%
Los Angeles Clippers 1. (1,072)Randy Smith
82.9%
Memphis Grizzlies 1. (1,161)Mike Conley
82.9%
Atlanta Hawks 5. (857)Josh Smith
82.9%
Charlotte Hornets 2. (827)Gerald Wallace
82.9%
Dallas Mavericks 2. (1,210)Dirk Nowitzki
82.9%
Detroit Pistons 2. (931)Ben Wallace
82.9%
Houston Rockets 3. (1,061)James Harden
82.9%
Oklahoma City Thunder 1. (2,107)Gary Payton
82.9%
Minnesota Timberwolves 1. (1,315)Kevin Garnett
82.9%
Portland Trailblazers 1. (1,795)Clyde Drexler
82.9%
Boston Celtics 3. (990)Rajon Rondo
80.5%
Charlotte Hornets 4. (747)Dell Curry
80.5%
Sacramento Kings 4. (661)DeMarcus Cousins
80.5%
Los Angeles Lakers 1. (1,944)Kobe Bryant (Rest in Peace
80.5%
New Orleans Pelicans 2. (639)Anthony Davis
80.5%
Hint Answer % Correct
New Orleans Pelicans 3. (631)Jrue Holiday
80.5%
New Orleans Pelicans 5. (280)Baron Davis
80.5%
Detroit Pistons 3. (902)Joe Dumars
80.5%
Detroit Pistons 5. (823)Andre Drummond
80.5%
Toronto Raptors 1. (816)Kyle Lowry
80.5%
Toronto Raptors 5. (534)Vince Carter
80.5%
Houston Rockets 1. (2,088)Hakeem Olajuwon
80.5%
Phoenix Suns 3. (1,040)Walter Davis
80.5%
Oklahoma City Thunder 3. (1,442)Russell Westbrook
80.5%
Golden State Warriors 2. (1,205)Stephen Curry
80.5%
Orlando Magic 3. (718)Penny Hardaway
78%
Toronto Raptors 3. (655)DeMar DeRozan
78%
Golden State Warriors 1. (1,360)Chris Mullin
78%
Golden State Warriors 4. (821)Tim Hardaway
78%
Boston Celtics 4. (873)Robert Parish
75.6%
New York Knicks 4. (750)Ray Williams
75.6%
Los Angeles Lakers 3. (1,041)James Worthy
75.6%
Orlando Magic 4. (626)Dwight Howard
75.6%
Oklahoma City Thunder 5. (1,086)Gus Williams
75.6%
Minnesota Timberwolves 5. (436)Andrew Wiggins
75.6%
Philadelphia 76ers 4. (1,076)Andre Iguodala
73.2%
Chicago Bulls 5. (639)Luol Deng
73.2%
Denver Nuggets 3. (854)Alex English
73.2%
Indiana Pacers 5. (740)Paul George
73.2%
Chicago Bulls 3. (857)Kirk Hinrich
70.7%
Cleveland Cavaliers 2. (734)Mark Price
70.7%
San Antonio Spurs 3. (1,159)George Gervin
70.7%
Portland Trailblazers 2. (1,182)Terry Porter
70.7%
Memphis Grizzlies 4. (523)Rudy Gay
68.3%
Sacramento Kings 3. (670)Mitch Richmond
68.3%
Dallas Mavericks 4. (748)Michael Finley
68.3%
Dallas Mavericks 5. (735)Jason Terry
68.3%
Minnesota Timberwolves 2. (747)Ricky Rubio
68.3%
Golden State Warriors 3. (929)Rick Barry
68.3%
Miami Heat 2. (791)Mario Chalmers
65.9%
Miami Heat 4. (572)Glen Rice
65.9%
Charlotte Hornets 1. (1,067)Muggsy Bogues
65.9%
Orlando Magic 1. (1,004)Nick Anderson
65.9%
Orlando Magic 5. (619)Jameer Nelson
65.9%
Washington Wizards 5. (636)Gilbert Arenas
65.9%
Philadelphia 76ers 1. (1,942)Maurice Cheeks
63.4%
Utah Jazz 4. (960)Andrei Kirilenko
63.4%
New York Knicks 2. (844)Charles Oakley
63.4%
Los Angeles Lakers 4. (1,038)Byron Scott
63.4%
Phoenix Suns 2. (1,245)Shawn Marion
63.4%
Atlanta Hawks 1. (1,321)Mookie Blaylock
61%
New York Knicks 3. (810)Michael Ray Richardson
61%
Phoenix Suns 1. (1,289)Alvan Adams
61%
Milwaukee Bucks 3. (874)Sidney Moncrief
58.5%
Sacramento Kings 2. (717)Doug Christie
58.5%
Hint Answer % Correct
Toronto Raptors 2. (664)Doug Christie
58.5%
Los Angeles Clippers 3. (747)Gary Grant
56.1%
Denver Nuggets 1. (1,167)Fat Lever
56.1%
Los Angeles Clippers 4. (606)Ron Harper
53.7%
Atlanta Hawks 3. (1,166)Doc Rivers
53.7%
Dallas Mavericks 1. (1,551)Derek Harper
53.7%
Houston Rockets 2. (1,165)Calvin Murphy
53.7%
Oklahoma City Thunder 4. (1,149)Fred Brown
53.7%
Cleveland Cavaliers 4. (661)Craig Ehlo
51.2%
Los Angeles Lakers 5. (1,033)Michael Cooper
51.2%
Brooklyn Nets 3. (803)Kerry Kittles
51.2%
Phoenix Suns 5. (811)Dan Majerle
51.2%
Portland Trailblazers 3. (1,059)Jerome Kersey
51.2%
Washington Wizards 3. (736)Elvin Hayes
51.2%
Minnesota Timberwolves 4. (449)Sam Mitchell
48.8%
Denver Nuggets 4. (798)Dan Issel
46.3%
Oklahoma City Thunder 2. (1,544)Nate McMillan
46.3%
Cleveland Cavaliers 5. (621)Terrell Brandon
43.9%
Charlotte Hornets 5. (565)Raymond Felton
43.9%
Denver Nuggets 5. (694)Nene
41.5%
Utah Jazz 5. (931)Darrell Griffith
39%
Toronto Raptors 4. (552)Morris Peterson
39%
Orlando Magic 2. (830)Darrell Armstrong
36.6%
Brooklyn Nets 5. (652)Kendall Gill
36.6%
Milwaukee Bucks 2. (894)Paul Pressey
34.1%
Los Angeles Clippers 5. (548)Danny Manning
34.1%
Memphis Grizzlies 5. (429)Shane Battier
34.1%
Houston Rockets 5. (881)Robert Reid
31.7%
Atlanta Hawks 4. (859)John Drew
29.3%
Indiana Pacers 3. (885)Vern Fleming
29.3%
Minnesota Timberwolves 3. (502)Corey Brewer
29.3%
Chicago Bulls 4. (724)Norm Van Lier
26.8%
Miami Heat 3. (666)Grant Long
26.8%
Sacramento Kings 1. (950)Sam Lacey
26.8%
New York Knicks 5. (744)Charlie Ward
26.8%
Detroit Pistons 4. (896)Lindsey Hunter
26.8%
Indiana Pacers 4. (752)George McGinnis
24.4%
Washington Wizards 4. (667)Phil Chenier
24.4%
Brooklyn Nets 4. (784)Chris Morris
22%
Indiana Pacers 2. (1,117)Don Buse
22%
Portland Trailblazers 4. (857)Jim Paxson
22%
Washington Wizards 2. (762)Greg Ballard
22%
Milwaukee Bucks 1. (1,042)Quinn Buckner
19.5%
Milwaukee Bucks 5. (718)Brian Winters
19.5%
Miami Heat 5. (560)Kevin Edwards
17.1%
Denver Nuggets 2. (1,070)T.R. Dunn
17.1%
Sacramento Kings 5. (640)Scott Wedman
14.6%
Brooklyn Nets 2. (875)Darwin Cook
12.2%
Houston Rockets 4. (929)Allen Leavell
12.2%
Portland Trailblazers 5. (846)Larry Steele
9.8%
Remove Ads.
Support Sporcle.
Get the best of Sporcle when you Go Orange. This ad-free experience offers more features, more stats, and more fun while also helping to support Sporcle. Thank you for becoming a member.

You're not logged in!

Compare scores with friends on all Sporcle quizzes.
OR
Log In

Sporcle TV

Today on Sporcle TV


Watch our educational content, quiz creation guides, and fun videos on Sporcle TV.

Show Comments

Extras

Created May 9, 2020ReportNominateIcon Source: Inlander
Tags:NBA Quiz, NBA Team Leaders

Top Quizzes Today


Score Distribution

Paid Content

Your Account Isn't Verified!

In order to create a playlist on Sporcle, you need to verify the email address you used during registration. Go to your Sporcle Settings to finish the process.

Report this User

Report this user for behavior that violates our Community Guidelines.

Details: